Biodegradovateľné polymérne zmesi so zmäkčovadlami

Salvato in:
Dettagli Bibliografici
Autore principale: Humajová, Katarína (Autore)
Altri autori: Vanovčanová, Zuzana (Relatore della tesi)
Natura: Manoscritto Libro
Lingua:slovacco
Pubblicazione: 2018
Soggetti:
Accesso online:http://is.stuba.sk/zp/portal_zp.pl?podrobnosti=121773
Tags: Aggiungi Tag
Nessun Tag, puoi essere il primo ad aggiungerne!!

MARC

LEADER 00000ntm a22000003a 4500
001 stuzp68318
003 SK-STU
005 20180623210614.3
007 ta
008 150427s2015----xo-----f-mn---000-0-slo-d
040 |a STU  |b slo 
041 0 |a slo 
100 1 |a Humajová, Katarína  |u 049370  |4 aut  |U FCHPT Ústav prírodných a syntetických polymérov  |T FCHPT Oddelenie plastov, kaučuku a vlákien  |X 77602  |U C9370  |Y 128  |7 77602 
242 0 1 |a Biodegradable polymer blends with plasticizers  |y eng 
245 1 0 |a Biodegradovateľné polymérne zmesi so zmäkčovadlami 
260 |c 2018 
650 4 |a acetyltributylcitrát  |2 slo 
650 4 |a termoplastický škrob  |2 slo 
650 4 |a kyselina polymliečna  |2 slo 
650 4 |a polyhydroxybutyrát  |2 slo 
650 4 |a citrofol D90  |2 slo 
650 4 |a triacetín  |2 slo 
650 4 |a citrofol D90  |2 eng 
650 4 |a acetyltributylcitrate  |2 eng 
650 4 |a polylactid acid  |2 eng 
650 4 |a polyhydroxybutyrate  |2 eng 
650 4 |a termoplastic starch  |2 eng 
650 4 |a triacetine  |2 eng 
700 1 |a Vanovčanová, Zuzana  |u 049370  |k Z1  |4 ths  |U FCHPT Ústav prírodných a syntetických polymérov  |T FCHPT Oddelenie plastov, kaučuku a vlákien  |X 65313  |U C9370  |Y 128  |7 A0000065313 
856 4 |u http://is.stuba.sk/zp/portal_zp.pl?podrobnosti=121773